Language Quiz

Random Language or Art Quiz

La Musica/L'Arte Quiz Stats

 Plays Quiz not verified by Sporcle

Challenge
Share
Tweet
Embed
Score 0/47 Timer 10:00
0 Plays Today
Hint Answer % Correct
'Aida,' 'Traviata' e 'Tosca' sono nomi di __________.opera
61.1%
Lo scultore delle statue di 'Il Davide' e 'La Pieta' è __________.Buonarroti
50%
'La Primavera' e 'La Nascita di Venere' sono pittore famose di __________.Botticelli
44.4%
Verdi, Puccini e Rossini sono famosi __________ italiani.compositori
44.4%
Sandro Botticelli è un __________ italiano.artista
44.4%
A Milano si trova il teatro d'opera chiamato __________.La Scala
38.9%
Il Compositore di 'Rigoletto' e 'La Traviata' è __________.Verdi
38.9%
Tintoretto è un __________.pittore
38.9%
Il Duomo di Milano è un esempio di architettura dello stile __________.gotico
38.9%
'L'Ultima Cena' o 'Il Cenacolo' è capolavoro di __________.Leonardo da Vinci
38.9%
Il Museo degli Uffizi si trova a __________.Firenze
38.9%
Leonardo, Raffaello, e Michelangelo sono __________ del Rinascimento.artisti
33.3%
'La Culla delle Arti' si riferisce alla citta di __________.Firenze
33.3%
'La Mona Lisa' si trova nella citta di __________.Parigi
33.3%
Andrea Bocelli è __________.cantante
33.3%
La Basilica di San Marco a Venezia è di architettura __________.bizantina
33.3%
Per vedere la famosa cupola di Michelangelo, andiamo alla citta di __________.Roma
33.3%
'La Boheme' è un'opera di __________.Giacomo Puccini
33.3%
__________ fu un gran pittore naturalista imitato da Rembrandt.Caravaggio
27.8%
'La Creazione' è un capolavoro di __________.Michelangelo Buonarroti
27.8%
L'artista degli affreschi della Basilica di San Francesco d'Assisi fu __________.Giotto
27.8%
Il Panteon è di Stile __________.romanico
27.8%
Uno dei piu grandi scultori del mondo fu __________.Michelangelo
27.8%
I violini italiani piu famosi furono construiti da __________.Stradivari
22.2%
Hint Answer % Correct
La citta di San Remo in Italia è famosa per __________.il festival della canzone
22.2%
Molte fontane a Roma sono opere di __________.Giovanni Bernini
22.2%
Enrico Caruso era un grandissimo __________.tenore
16.7%
Giovanni Palestrina è un __________ italiano.compositore
16.7%
Nel Museo dell'Accademia delle Belle Arti a Firenze si trova __________.il Davide
16.7%
Pietro Mascagni è famoso per le sue __________.opere
16.7%
Un compositore famoso dei concerti di violini è __________.Antonia Vivaldi
16.7%
Michelangelo fu un grand'artista __________.rinascimente
11.1%
Un famoso teatro d'opera a Napoli è __________.San Carlo
11.1%
__________ fu il maestro di Giotto.Cimabue
11.1%
'Il Perseo' è una statua scolpita da __________.Cellini
11.1%
Gaetano Donizetti è __________.compositore
11.1%
__________ è l'architetto del Campanile del Duomo di Firenze.Giotto
5.6%
Lo scultore delle 'Porte del Paradiso' fu __________.Ghiberti
5.6%
__________ è l'architetto della Chiesa di Sant'Agnese a Roma.Borromini
5.6%
Il capolavoro 'Paradiso' di Tintoretto si trova a Venezia nel __________.Palazzo dei Dogi
5.6%
Un gran maestro d'orchestra italiano fu __________.Toscanini
5.6%
__________ è uno scultore contemporaneo.Manzu
5.6%
L'artista famose per 'La Madonna con il Bambino' è __________.Raffaello Sanzio
5.6%
Il compositore dell'opera :I Pagliacci' fu __________.Ruggiero Leoncavallo
5.6%
Leonardo da Vinci ha dipinto __________ e __________.il Cenacolo e La Mona Lisa
0%
All'Arena di verona e alle Terme di Caracalla si possono vedere __________.le opere all'aperto
0%
'Il Barbiere di Siviglia,' 'Nabuco,' e 'Norma' si associano con __________.le opere
0%

You're not logged in!

Compare scores with friends on all Sporcle quizzes.
OR
Log In

You Might Also Like...

Show Comments

Extras

Top Quizzes Today


Score Distribution

Your Account Isn't Verified!

In order to create a playlist on Sporcle, you need to verify the email address you used during registration. Go to your Sporcle Settings to finish the process.

Report this User

Report this user for behavior that violates our Community Guidelines.

Details: